00610nam a2200157Ia 4500008004100000040001700041041001200058082001600070100005200086245007900138260006700217300001100284942000700295952013300302999001700435230917s9999||||xx |||||||||||||| ||und|| e187041aMAIN aEnglish a301.426 I8N aInternational Institute for Population Sciences 0aNational family health survey (MCH and family planning): Karnataka 1992-93 aBombaybInternational Institute for Population Scienceesc1995 a302 p. cBK 0010406301_426000000000000_I8N709121678aMAINbMAINd2011-08-03l0o301.426 I8Np155679r2023-09-17 20:58:25w2023-09-17yBK c79414d79414